| 000 | 00781nam a2200217 a 4500 | ||
|---|---|---|---|
| 001 | 000025390 | ||
| 005 | 20200930023744.0 | ||
| 008 | 110215s1965 sp ab r 000 0 spa d | ||
| 040 |
_aDO-SdBNP _bspa _cBNPHU |
||
| 041 | 1 | 7 |
_aspa _heng _2Código de idioma MARC |
| 082 |
_aNNN _bB575e |
||
| 100 | 1 |
_aBhagwati, Jagdish _951580 |
|
| 240 | 1 | 0 |
_aThe economics of underdeveloped countries _lEspañol. |
| 245 | 1 | 0 |
_aLa economía de los países subdesarrollado / _cJagdish Bhagwati. |
| 260 |
_aMadrid : _bEdiciones Guadarrama, _c1965. |
||
| 300 |
_a250, [3] p. : _bil., mapas ; _c19 cm. |
||
| 490 | 1 |
_aBiblioteca para el hombre actual _v2 |
|
| 534 |
_aTítulo original: _tThe economics of underdeveloped countries |
||
| 830 | 0 |
_aBiblioteca para el hombre actual ; _v2 _951979 |
|
| 049 | _aBNGR | ||
| 999 |
_c24882 _d24882 |
||